[Event "N1 Reykjavik Open 2014"]
[Site "Reykjavik, Iceland"]
[Date "2014.03.04"]
[Round "1.22"]
[White "Johannsson, Orn Leo"]
[Black "Idani, Pouya"]
[Result "0-1"]
[WhiteElo "1999"]
[BlackElo "2496"]
[EventDate "2014.03.04"]
[PlyCount "66"]

1.d4 Nf6 2.Nf3 c5 3.e3 cxd4 4.exd4 g6 5.c3 Bg7 6.Bd3 O-O 7.O-O Nc6 8.Re1 
d6 9.h3 Qc7 10.Bg5 e5 11.dxe5 dxe5 12.Qc1 Re8 13.Nbd2 h6 14.Bh4 Nh5 15.g4 
Nf4 16.Bf1 h5 17.Bg3 Nxh3+ 18.Bxh3 hxg4 19.Bg2 gxf3 20.Bxf3 Bh6 21.Re2 Bf5
22.Qe1 Bd3 23.Re3 Bxe3 24.Qxe3 Rad8 25.Bh4 Rd6 26.Be4 Qd7 27.Qg5 f5 28.
Bxd3 Rxd3 29.Nf1 Re6 30.Ng3 Qe7 31.Qh6 g5 32.Qh5 gxh4 33.Nxf5 Qh7 0-1

[Event "N1 Reykjavik Open 2014"]
[Site "Reykjavik, Iceland"]
[Date "2014.03.04"]
[Round "1.23"]
[White "Urkedal, Frode"]
[Black "Valtysson, Thor"]
[Result "1-0"]
[WhiteElo "2495"]
[BlackElo "1998"]
[EventDate "2014.03.04"]
[PlyCount "53"]

1.d4 d5 2.c4 c6 3.Nf3 Nf6 4.Nc3 dxc4 5.a4 Bf5 6.e3 e6 7.Bxc4 Bb4 8.O-O O-O
9.Nh4 Bg6 10.Nxg6 hxg6 11.Qc2 Nbd7 12.Be2 Re8 13.Rd1 a5 14.e4 Qc8 15.e5 
Nd5 16.Nxd5 cxd5 17.Qb3 Nb8 18.h4 Re7 19.Qf3 Rc7 20.g3 Nc6 21.Qg4 Ne7 22.
Kg2 Nf5 23.h5 gxh5 24.Qxh5 g6 25.Qh3 Bf8 26.Rh1 Bg7 27.Bg5 1-0

[Event "N1 Reykjavik Open 2014"]
[Site "Reykjavik, Iceland"]
[Date "2014.03.04"]
[Round "1.24"]
[White "Aubert, Carsten"]
[Black "Colovic, Aleksandar"]
[Result "0-1"]
[WhiteElo "1997"]
[BlackElo "2493"]
[EventDate "2014.03.04"]
[PlyCount "52"]

1.d4 Nf6 2.c4 e6 3.Nc3 Bb4 4.e3 b6 5.Ne2 Ba6 6.a3 Bxc3+ 7.Nxc3 d5 8.b3 O-O
9.Bd3 dxc4 10.bxc4 Nc6 11.O-O Na5 12.Qe2 c5 13.d5 exd5 14.Nxd5 Bxc4 15.
Nxf6+ Qxf6 16.Bxc4 Nxc4 17.Rb1 Qe6 18.Rd1 Rad8 19.h3 Rxd1+ 20.Qxd1 Qd6 21.
Qg4 Qd3 22.Ra1 Qc3 23.Rb1 Qc2 24.Ra1 Ne5 25.Qf4 Nd3 26.Qf5 Qc3 0-1

[Event "N1 Reykjavik Open 2014"]
[Site "Reykjavik, Iceland"]
[Date "2014.03.04"]
[Round "1.25"]
[White "Krush, Irina"]
[Black "Thiry, Jean-Christophe"]
[Result "1-0"]
[WhiteElo "2490"]
[BlackElo "1996"]
[EventDate "2014.03.04"]
[PlyCount "123"]

1.Nf3 d5 2.b3 Nf6 3.Bb2 e6 4.e3 c5 5.d4 Nc6 6.Nbd2 cxd4 7.exd4 Bd6 8.a3 
O-O 9.Bd3 Qc7 10.O-O e5 11.dxe5 Nxe5 12.Nxe5 Bxe5 13.Bxe5 Qxe5 14.Nf3 Qf4 
15.Qc1 Qc7 16.h3 Bd7 17.Qb2 Rfe8 18.Rfe1 Rxe1+ 19.Rxe1 Re8 20.Rxe8+ Bxe8 
21.Qd4 b6 22.b4 h6 23.Nd2 Qe7 24.Kf1 Bd7 25.Qf4 Be8 26.Qb8 g6 27.Nf3 Kg7 
28.Nd4 Ne4 29.Qf4 Qd6 30.Qe3 Nf6 31.f4 Bd7 32.Kf2 a5 33.c3 Nh5 34.Ne2 axb4
35.cxb4 Nf6 36.Qd4 Kh7 37.Nc3 Qe6 38.Qe5 Bc6 39.Qxe6 fxe6 40.Ke3 Kg7 41.
Kd4 Nd7 42.Ba6 Kf6 43.b5 Nb8 44.bxc6 Nxa6 45.Nb5 Ke7 46.Ke5 Nc5 47.Na7 Na6
48.Nc8+ Kd8 49.Nxb6 Kc7 50.Nd7 Kxc6 51.Nf8 Nc5 52.Nxg6 Kd7 53.g4 Nd3+ 54.
Kf6 Nf2 55.Ne5+ Kd6 56.h4 d4 57.g5 hxg5 58.hxg5 d3 59.g6 Ne4+ 60.Kf7 Ng5+ 
61.Ke8 Ne4 62.Nxd3 1-0

[Event "N1 Reykjavik Open 2014"]
[Site "Reykjavik, Iceland"]
[Date "2014.03.04"]
[Round "1.27"]
[White "Elsness, Frode"]
[Black "Iclicki, Willy"]
[Result "1-0"]
[WhiteElo "2479"]
[BlackElo "1993"]
[EventDate "2014.03.04"]
[PlyCount "45"]

1.Nf3 d5 2.g3 Nf6 3.Bg2 c6 4.O-O Bg4 5.c4 e6 6.d3 dxc4 7.dxc4 Qxd1 8.Rxd1 
Nbd7 9.Nc3 Bxf3 10.exf3 Ne5 11.b3 Rd8 12.Be3 a6 13.Na4 Rxd1+ 14.Rxd1 Ned7 
15.f4 Be7 16.b4 Bxb4 17.Rb1 a5 18.a3 Bxa3 19.Rxb7 Ke7 20.Bxc6 Rc8 21.Bb5 
Kd6 22.Bd4 Rc7 23.Be5+ 1-0

[Event "N1 Reykjavik Open 2014"]
[Site "Reykjavik, Iceland"]
[Date "2014.03.04"]
[Round "1.28"]
[White "Arvidsson, Jonas"]
[Black "Shoker, Samy"]
[Result "0-1"]
[WhiteElo "1992"]
[BlackElo "2466"]
[EventDate "2014.03.04"]
[PlyCount "59"]

1.e4 d6 2.d4 Nf6 3.Nc3 g6 4.f4 Bg7 5.Bd3 Nc6 6.Nf3 Bg4 7.Be3 e5 8.fxe5 
dxe5 9.d5 Nd4 10.Be2 Bxf3 11.gxf3 c6 12.f4 Nxe2 13.Qxe2 exf4 14.Bxf4 Nh5 
15.Bd2 Bxc3 16.Bxc3 Qh4+ 17.Kd2 O-O 18.Rag1 cxd5 19.Rg4 Qd8 20.Rhg1 d4 21.
Bb4 Re8 22.e5 Qd5 23.Re4 Nf6 24.Rf4 Rxe5 25.Qd3 Ne4+ 26.Kc1 Qxa2 27.c3 
dxc3 28.Bxc3 Nxc3 29.bxc3 Qa1+ 30.Qb1 0-1

[Event "N1 Reykjavik Open 2014"]
[Site "Reykjavik, Iceland"]
[Date "2014.03.04"]
[Round "1.29"]
[White "Galego, Luis"]
[Black "Michalowski, Peter"]
[Result "1-0"]
[WhiteElo "2463"]
[BlackElo "1985"]
[EventDate "2014.03.04"]
[PlyCount "87"]

1.e4 c5 2.Nf3 d6 3.c3 Nf6 4.Be2 Nbd7 5.d3 b6 6.O-O Bb7 7.Bg5 g6 8.Qc1 Bg7 
9.Bh6 O-O 10.Bxg7 Kxg7 11.Re1 Rc8 12.Nbd2 Ne5 13.Nxe5 dxe5 14.Nc4 Qc7 15.
Qg5 b5 16.Nxe5 Nxe4 17.dxe4 f6 18.Qg3 fxe5 19.Bxb5 Rf4 20.Bd3 Qb6 21.Qe3 
Rcf8 22.Re2 h5 23.Rd2 h4 24.h3 Bc8 25.b4 cxb4 26.Qxb6 axb6 27.cxb4 Bb7 28.
f3 Rd8 29.Rad1 Rf6 30.Kf2 Bc6 31.Bc4 Rfd6 32.Rxd6 Rxd6 33.Rc1 Ba4 34.Ke3 
Rd4 35.a3 Kf6 36.Bd3 Rd6 37.b5 Bb3 38.Rc3 Be6 39.Rc7 Rd4 40.Ra7 Kf7 41.Ra6
Bc4 42.Bxc4+ Rxc4 43.Kd3 Rd4+ 44.Kc3 1-0

[Event "N1 Reykjavik Open 2014"]
[Site "Reykjavik, Iceland"]
[Date "2014.03.04"]
[Round "1.33"]
[White "Djurhuus, Rune"]
[Black "Stolberg-Rohr, Thomine"]
[Result "1-0"]
[WhiteElo "2447"]
[BlackElo "1964"]
[EventDate "2014.03.04"]
[PlyCount "53"]

1.d4 g6 2.c4 d6 3.Nc3 Nf6 4.e4 Bg7 5.Nf3 O-O 6.Be2 e5 7.O-O Nc6 8.d5 Ne7 
9.b4 Nh5 10.Re1 Nf4 11.Bf1 f5 12.g3 fxe4 13.Nxe4 Nh3+ 14.Kg2 Nf5 15.Bd3 
Qe7 16.a4 Qf7 17.Ra2 Nh6 18.Neg5 Nxg5 19.Nxg5 Qf6 20.Ne4 Qf5 21.f3 Nf7 22.
c5 Qh5 23.h4 Bd7 24.Rh1 Nh6 25.Bg5 Ng4 26.fxg4 Bxg4 27.Be2 1-0

[Event "N1 Reykjavik Open 2014"]
[Site "Reykjavik, Iceland"]
[Date "2014.03.04"]
[Round "1.39"]
[White "Porper, Edward"]
[Black "Farine, Jonathan"]
[Result "1-0"]
[WhiteElo "2427"]
[BlackElo "1953"]
[EventDate "2014.03.04"]
[PlyCount "57"]

1.d4 Nf6 2.c4 e5 3.dxe5 Ng4 4.e3 Nxe5 5.Nh3 Nbc6 6.Nf4 Bb4+ 7.Bd2 Bxd2+ 8.
Qxd2 O-O 9.Be2 b6 10.Nc3 Bb7 11.O-O Re8 12.Rad1 Ne7 13.Nh5 d6 14.e4 Nd7 
15.Qd4 f6 16.Nf4 Ng6 17.Nfd5 a5 18.f4 Ne7 19.Rf3 Nxd5 20.cxd5 Ba6 21.Bxa6 
Rxa6 22.Re3 Ra8 23.Rde1 Re7 24.Qc4 Nc5 25.Nb5 Kh8 26.Nd4 Qd7 27.Nc6 Rae8 
28.Nxe7 Rxe7 29.e5 1-0

[Event "N1 Reykjavik Open 2014"]
[Site "Reykjavik, Iceland"]
[Date "2014.03.04"]
[Round "1.40"]
[White "Sigurjonsson, Siguringi"]
[Black "Tania, Sachdev"]
[Result "0-1"]
[WhiteElo "1948"]
[BlackElo "2423"]
[EventDate "2014.03.04"]
[PlyCount "68"]

1.Nf3 d5 2.c4 e6 3.g3 Nf6 4.Bg2 dxc4 5.Qa4+ c6 6.Qxc4 b5 7.Qc2 Bb7 8.a4 a6
9.d3 Nbd7 10.O-O Rc8 11.b3 Be7 12.Bb2 O-O 13.Nc3 Qb6 14.Nd2 Nd5 15.Rac1 
Rfd8 16.Qb1 Ne3 17.Rfe1 Bg5 18.Nce4 Nxg2 19.Kxg2 c5 20.f4 Bf6 21.Nf3 Bxb2 
22.Qxb2 bxa4 23.Rb1 Bxe4 24.dxe4 Rb8 25.Red1 axb3 26.Rd3 c4 27.Rd4 Qc7 28.
Qc3 Rdc8 29.Nd2 Nb6 30.Rc1 Qb7 31.Nxc4 Nxc4 32.Rxc4 Rxc4 33.Qxc4 b2 34.Rb1
Qb5 0-1

[Event "N1 Reykjavik Open 2014"]
[Site "Reykjavik, Iceland"]
[Date "2014.03.04"]
[Round "1.41"]
[White "Bekker-Jensen, Simon"]
[Black "Andersen, Niels Erik"]
[Result "1-0"]
[WhiteElo "2418"]
[BlackElo "1940"]
[EventDate "2014.03.04"]
[PlyCount "61"]

1.d4 d5 2.c4 e6 3.Nc3 Nf6 4.cxd5 exd5 5.Bg5 Be7 6.e3 O-O 7.Bd3 Nbd7 8.Nf3 
c6 9.Qc2 Re8 10.O-O Nf8 11.h3 Nh5 12.Bxe7 Qxe7 13.Rab1 Nf6 14.b4 a6 15.a4 
Ne4 16.b5 axb5 17.axb5 Ra3 18.Bxe4 dxe4 19.Nd2 Qg5 20.Ncxe4 Qg6 21.Qb2 Ra5
22.Qc3 Ra2 23.Ng3 Rc2 24.Qb4 h5 25.Rbc1 Rxc1 26.Rxc1 h4 27.Ne2 Qg5 28.Nf3 
Qh6 29.bxc6 bxc6 30.Ne5 Re6 31.Qb8 1-0

[Event "N1 Reykjavik Open 2014"]
[Site "Reykjavik, Iceland"]
[Date "2014.03.04"]
[Round "1.42"]
[White "Plater, Ronald"]
[Black "Karavade, Eesha"]
[Result "0-1"]
[WhiteElo "1938"]
[BlackElo "2408"]
[EventDate "2014.03.04"]
[PlyCount "86"]

1.d4 Nf6 2.Nf3 e6 3.e3 b6 4.Bd3 Bb7 5.Nbd2 c5 6.O-O Nc6 7.c3 Be7 8.b3 cxd4
9.Nxd4 O-O 10.Bb2 d5 11.c4 Rc8 12.Rc1 Nb4 13.Bb1 dxc4 14.Nxc4 Qd5 15.Qf3 
Qxf3 16.Nxf3 Rfd8 17.Rfd1 Na6 18.Nce5 Nc5 19.Ng5 Rf8 20.Ngf3 h6 21.h3 Rfd8
22.Rxd8+ Rxd8 23.Bd4 Nd5 24.Nd3 Nxd3 25.Bxd3 Ba3 26.Rd1 Nb4 27.Be2 Re8 28.
Bc4 Rd8 29.Rd2 Bxf3 30.gxf3 e5 31.Bc3 Rxd2 32.Bxd2 Nxa2 33.Kf1 Kf8 34.Ke2 
Ke7 35.Kd3 f5 36.Bb5 Kd6 37.Kc4 a5 38.Ba6 Bb4 39.Bxb4+ Nxb4 40.Bc8 f4 41.
Bf5 fxe3 42.fxe3 Nd5 43.Kd3 b5 0-1

[Event "N1 Reykjavik Open 2014"]
[Site "Reykjavik, Iceland"]
[Date "2014.03.04"]
[Round "1.43"]
[White "L'ami, Alina"]
[Black "Ferreira, Alex"]
[Result "1-0"]
[WhiteElo "2398"]
[BlackElo "1933"]
[EventDate "2014.03.04"]
[PlyCount "73"]

1.d4 d5 2.c4 dxc4 3.Nf3 Nf6 4.e3 e6 5.Bxc4 a6 6.O-O c5 7.Bb3 Nc6 8.Nc3 
cxd4 9.exd4 Be7 10.Bg5 O-O 11.Qd2 b5 12.Qf4 Bb7 13.Rad1 Nb4 14.Qh4 h6 15.
Bc1 Ne4 16.Qg4 Nf6 17.Qh3 Nbd5 18.Ne5 Nxc3 19.bxc3 Bd5 20.Rd3 Ne4 21.Bxh6 
gxh6 22.Qxh6 Bg5 23.Qh5 Qf6 24.f4 Qh6 25.Qg4 f5 26.fxg5 Qxh2+ 27.Kxh2 fxg4
28.Rxf8+ Rxf8 29.Nxg4 Kg7 30.Ne5 Nxg5 31.Rg3 Rh8+ 32.Kg1 Kf6 33.Bxd5 exd5 
34.Rxg5 Kxg5 35.Nf7+ Kf6 36.Nxh8 Kg7 37.Kf2 1-0

[Event "N1 Reykjavik Open 2014"]
[Site "Reykjavik, Iceland"]
[Date "2014.03.04"]
[Round "1.45"]
[White "Soors, Stef"]
[Black "Jorgensen, Line Jin"]
[Result "1-0"]
[WhiteElo "2394"]
[BlackElo "1923"]
[EventDate "2014.03.04"]
[PlyCount "85"]

1.e4 e6 2.d4 d5 3.Nd2 Nf6 4.e5 Nfd7 5.c3 c5 6.Bd3 Nc6 7.Ne2 cxd4 8.cxd4 f6
9.exf6 Nxf6 10.O-O Bd6 11.f4 O-O 12.Nf3 Bd7 13.Kh1 Qc7 14.a3 a6 15.g3 Be8 
16.Ng5 Qd7 17.Be3 Bh5 18.Bg1 Bg4 19.Qc2 Bf5 20.Nc3 b5 21.Rae1 Rae8 22.b4 
Kh8 23.Re2 Bb8 24.Rfe1 Nd8 25.Nf3 Nf7 26.Ne5 Nxe5 27.dxe5 Ng4 28.Bc5 Rf7 
29.Rd2 Bxd3 30.Qxd3 Ba7 31.Ne4 Bxc5 32.bxc5 Rff8 33.Nd6 Re7 34.a4 Qc6 35.
h3 Nh6 36.axb5 axb5 37.Qxb5 Qxb5 38.Nxb5 Rc8 39.Rc1 Nf5 40.Nd6 Nxd6 41.
exd6 Rd7 42.Rb2 Kg8 43.c6 1-0

[Event "N1 Reykjavik Open 2014"]
[Site "Reykjavik, Iceland"]
[Date "2014.03.04"]
[Round "1.46"]
[White "Flodmark, Tarras"]
[Black "Thorfinnsson, Bjorn"]
[Result "0-1"]
[WhiteElo "1922"]
[BlackElo "2389"]
[EventDate "2014.03.04"]
[PlyCount "82"]

1.d4 Nf6 2.c4 c5 3.e3 cxd4 4.exd4 d5 5.Nf3 g6 6.Nc3 Bg7 7.cxd5 O-O 8.Qb3 
Nbd7 9.Be2 Nb6 10.O-O Nfxd5 11.Nxd5 Nxd5 12.h3 a5 13.a3 a4 14.Qd1 Qb6 15.
Bc4 Be6 16.Qe2 Rac8 17.Rd1 Rxc4 18.Qxc4 Ne3 19.Qd3 Nxd1 20.Qxd1 Qb3 21.Bg5
f6 22.Be3 Qxb2 23.Rb1 Qxa3 24.Rxb7 Bd5 25.Ra7 Ra8 26.Rxa8+ Bxa8 27.Qb1 Qb3
28.Nd2 Qxb1+ 29.Nxb1 Be4 30.Na3 f5 31.f3 Bd3 32.d5 Kf7 33.g3 Be5 34.f4 Bd6
35.Bc1 Bc5+ 36.Kh2 Be4 37.g4 Bxd5 38.Nb5 Bc4 39.Na3 Bd3 40.Kg3 Ke6 41.Bb2 
Kd5 0-1

[Event "N1 Reykjavik Open 2014"]
[Site "Reykjavik, Iceland"]
[Date "2014.03.04"]
[Round "1.47"]
[White "Bagi, Mate"]
[Black "Finnbogadottir, Tinna Kristin"]
[Result "0-1"]
[WhiteElo "2385"]
[BlackElo "1921"]
[EventDate "2014.03.04"]
[PlyCount "84"]

1.e4 c5 2.Nf3 g6 3.Bc4 Nc6 4.c3 Bg7 5.d4 d6 6.O-O e6 7.Bf4 cxd4 8.cxd4 
Nge7 9.Nc3 d5 10.Bb3 dxe4 11.Nxe4 O-O 12.Bg5 Qa5 13.Qc1 Nf5 14.Rd1 Nfxd4 
15.Nxd4 Nxd4 16.Qe3 e5 17.Bf6 Qb6 18.Bxg7 Kxg7 19.Rac1 Nxb3 20.Qxb3 Qxb3 
21.axb3 Be6 22.Nc5 Rfe8 23.Nxe6+ Rxe6 24.Rc7 Rc6 25.Rxb7 Rd8 26.Rf1 Rd2 
27.Rxa7 Rxb2 28.Ra5 e4 29.Rb5 Rcc2 30.Re5 Re2 31.h4 f6 32.Re7+ Kh6 33.g3 
Rxb3 34.Kg2 Rbb2 35.Kg1 Ra2 36.Re6 f5 37.Re7 Rab2 38.Re6 Kh5 39.Re7 h6 40.
Re5 Kg4 41.Re6 e3 42.Rxg6+ Kh3 0-1

[Event "N1 Reykjavik Open 2014"]
[Site "Reykjavik, Iceland"]
[Date "2014.03.04"]
[Round "1.48"]
[White "Robson, Paul E"]
[Black "Gledura, Benjamin"]
[Result "1/2-1/2"]
[WhiteElo "1915"]
[BlackElo "2385"]
[EventDate "2014.03.04"]
[PlyCount "106"]

1.c4 g6 2.g3 Bg7 3.Bg2 e5 4.Nc3 Ne7 5.e3 O-O 6.Nge2 d6 7.O-O Nbc6 8.d3 Bg4
9.h3 Be6 10.Nd5 Qd7 11.Kh2 Rab8 12.Nec3 a6 13.a4 h6 14.Bd2 f5 15.Qc2 g5 
16.f4 Ng6 17.Ne2 Rbe8 18.Rae1 Nd8 19.a5 Nf7 20.Bc3 Qd8 21.b4 h5 22.d4 e4 
23.fxg5 Nxg5 24.Nef4 Nxf4 25.gxf4 Nh7 26.Qe2 Bxd5 27.cxd5 Nf6 28.Qc4 Kh7 
29.b5 Rg8 30.bxa6 bxa6 31.Qxa6 Bh6 32.Qc6 Rg7 33.a6 Reg8 34.Re2 Qa8 35.
Qxa8 Rxa8 36.Ra2 Nxd5 37.Bd2 h4 38.Ra5 Rag8 39.Rg1 c6 40.a7 Ra8 41.Rga1 
Rg3 42.Rb1 Rg7 43.Rba1 Rb7 44.R1a2 Bf8 45.Bf1 Kg6 46.Bc4 Nc7 47.Be1 d5 48.
Be2 Be7 49.Kg2 Kf7 50.Kf2 Bd8 51.Rc5 Rbxa7 52.Rac2 Ra2 53.Rxc6 Rxc2 
1/2-1/2

[Event "N1 Reykjavik Open 2014"]
[Site "Reykjavik, Iceland"]
[Date "2014.03.04"]
[Round "1.52"]
[White "Schadd, Jan"]
[Black "Dubessay, Bastien"]
[Result "0-1"]
[WhiteElo "1893"]
[BlackElo "2362"]
[EventDate "2014.03.04"]
[PlyCount "40"]

1.Nf3 Nf6 2.c4 g6 3.b3 Bg7 4.Bb2 O-O 5.e3 b6 6.Be2 Bb7 7.Nc3 d6 8.O-O Nbd7
9.Qc2 c5 10.d4 cxd4 11.exd4 Rc8 12.d5 a5 13.Rfd1 Ne8 14.Nb5 Ndf6 15.Qd3 
Nxd5 16.Bxg7 Nf4 17.Bxf8 Nxd3 18.Bh6 Nc5 19.h4 Ng7 20.g4 Qd7 0-1

[Event "N1 Reykjavik Open 2014"]
[Site "Reykjavik, Iceland"]
[Date "2014.03.04"]
[Round "1.53"]
[White "Bjornsson, Sigurbjorn"]
[Black "Jonsson, Olafur Gisli"]
[Result "1-0"]
[WhiteElo "2360"]
[BlackElo "1890"]
[EventDate "2014.03.04"]
[PlyCount "105"]

1.e4 e5 2.Nf3 Nc6 3.Bb5 a6 4.Ba4 Nf6 5.O-O Be7 6.Re1 b5 7.Bb3 d6 8.c3 O-O 
9.d4 Bg4 10.Be3 Na5 11.dxe5 Bxf3 12.Qxf3 dxe5 13.Bc2 c5 14.Nd2 Qc7 15.a4 
c4 16.Nf1 Nb7 17.Bg5 Nc5 18.axb5 axb5 19.Ne3 Rxa1 20.Rxa1 Qc6 21.Ra7 Bd8 
22.Bxf6 Bxf6 23.Nd5 Bd8 24.h3 Qh6 25.Qd1 Bg5 26.Qa1 Nd3 27.Ra8 g6 28.Rxf8+
Kxf8 29.Qa3+ Kg7 30.Qd6 Qh4 31.Bxd3 cxd3 32.Qxe5+ Kh6 33.Qd4 d2 34.c4 b4 
35.Qd3 Qh5 36.g4 Qh4 37.Kf1 d1=Q+ 38.Qxd1 Qxh3+ 39.Kg1 f5 40.exf5 gxf5 41.
gxf5 Qxf5 42.Nxb4 Bf4 43.Nd5 Qg5+ 44.Kf1 Be5 45.b4 Kg7 46.Ne3 h5 47.Qd7+ 
Kh8 48.Qf5 Qe7 49.Qxh5+ Kg8 50.Qg6+ Kf8 51.Nd5 Qd7 52.Qh6+ Kf7 53.Qh5+ 1-0

[Event "N1 Reykjavik Open 2014"]
[Site "Reykjavik, Iceland"]
[Date "2014.03.04"]
[Round "1.55"]
[White "Devereaux, Maxim L"]
[Black "Thorgeirsson, Jon Kristinn"]
[Result "1/2-1/2"]
[WhiteElo "2345"]
[BlackElo "1883"]
[EventDate "2014.03.04"]
[PlyCount "91"]

1.Nf3 Nf6 2.d4 g6 3.Nc3 d5 4.Bf4 c6 5.Qd2 Bg7 6.Bh6 O-O 7.Bxg7 Kxg7 8.e3 
Nbd7 9.a4 Re8 10.a5 e5 11.dxe5 Nxe5 12.Nxe5 Rxe5 13.Be2 Qc7 14.O-O Bd7 15.
Bf3 Rd8 16.Rfd1 Bf5 17.Ra4 c5 18.h3 Bd7 19.Ra3 Bc6 20.Ne2 h5 21.Qc3 d4 22.
exd4 Bxf3 23.Qxf3 cxd4 24.Raa1 d3 25.cxd3 Qc2 26.Ng3 h4 27.Nf1 Qxb2 28.
Rab1 Qd4 29.Ne3 Rxa5 30.Rxb7 Ra1 31.Ng4 Rxd1+ 32.Qxd1 Nxg4 33.hxg4 Qxd3 
34.Qa1+ Qd4 35.Rxa7 Qxa1+ 36.Rxa1 Rd4 37.f3 g5 38.Ra2 Rb4 39.Rd2 Ra4 40.
Rd5 Kg6 41.Re5 Rb4 42.Re2 Ra4 43.Kh2 Rb4 44.g3 hxg3+ 45.Kxg3 Ra4 46.Rb2 
1/2-1/2

[Event "N1 Reykjavik Open 2014"]
[Site "Reykjavik, Iceland"]
[Date "2014.03.04"]
[Round "1.56"]
[White "Maggason, Oskar"]
[Black "Klundt, Klaus"]
[Result "0-1"]
[WhiteElo "1882"]
[BlackElo "2341"]
[EventDate "2014.03.04"]
[PlyCount "62"]

1.d4 d5 2.c4 c6 3.Nf3 Nf6 4.e3 e6 5.Nc3 Nbd7 6.Bd3 Bd6 7.cxd5 exd5 8.O-O 
O-O 9.Re1 Re8 10.Qc2 Nf8 11.h3 Ne6 12.e4 dxe4 13.Nxe4 Nxe4 14.Bxe4 g6 15.
Bd2 Bf8 16.Bc3 Ng5 17.Nxg5 Qxg5 18.Qd3 Bg7 19.Rad1 Be6 20.Re3 Bxa2 21.Rg3 
Qd8 22.b3 Bxb3 23.Rb1 Bd5 24.Bxd5 Qxd5 25.Rxb7 c5 26.Qb5 a6 27.Qb6 cxd4 
28.Rd3 Qc4 29.Rxd4 Qxc3 30.Rdd7 Re1+ 31.Kh2 Be5+ 0-1

[Event "N1 Reykjavik Open 2014"]
[Site "Reykjavik, Iceland"]
[Date "2014.03.04"]
[Round "1.57"]
[White "Antal, Tibor Kende"]
[Black "Eliasson, Kristjan Orn"]
[Result "1-0"]
[WhiteElo "2325"]
[BlackElo "1875"]
[EventDate "2014.03.04"]
[PlyCount "73"]

1.e4 d6 2.d4 g6 3.Nc3 c6 4.Be3 Bg7 5.Qd2 Nf6 6.f3 O-O 7.O-O-O Qc7 8.g4 b5 
9.h4 h5 10.g5 Nh7 11.Nh3 Rd8 12.f4 e6 13.Bd3 Qa5 14.Kb1 Nd7 15.f5 e5 16.f6
exd4 17.Bxd4 Bf8 18.Nf4 Ne5 19.Bxe5 dxe5 20.Nxg6 b4 21.Ne7+ Kh8 22.Ne2 Be6
23.b3 Rd6 24.Ng3 Bg4 25.Ngf5 Bxe7 26.fxe7 Rd7 27.Rdf1 Re8 28.Qf2 Bxf5 29.
exf5 Rdxe7 30.f6 Rc7 31.Qf5 Nf8 32.Qf3 e4 33.Bxe4 Rxe4 34.Qxe4 Qa6 35.Qxb4
Rc8 36.Qe7 Qb6 37.Qxf7 1-0

[Event "N1 Reykjavik Open 2014"]
[Site "Reykjavik, Iceland"]
[Date "2014.03.04"]
[Round "1.58"]
[White "Sigurdarson, Emil"]
[Black "Vojinovic, Jovana"]
[Result "0-1"]
[WhiteElo "1867"]
[BlackElo "2323"]
[EventDate "2014.03.04"]
[PlyCount "58"]

1.e4 e6 2.d4 d5 3.Bd3 dxe4 4.Bxe4 Nf6 5.Bf3 c5 6.Ne2 Nc6 7.Be3 cxd4 8.Nxd4
Ne5 9.Nc3 Bb4 10.Nb5 Qa5 11.O-O O-O 12.Bf4 Bxc3 13.Nxc3 Nxf3+ 14.Qxf3 Qf5 
15.Rfe1 Bd7 16.Re5 Qxc2 17.Rg5 h6 18.Rg3 Bc6 19.Qe3 Nh5 20.Rg4 Nxf4 21.
Qxf4 Qxb2 22.Rc1 Rad8 23.Qxh6 Qxc3 24.h3 Qe5 25.Rg5 f5 26.h4 Rd7 27.Qh5 
Rfd8 28.Rg3 Rd3 29.Rg6 Ba4 0-1

[Event "N1 Reykjavik Open 2014"]
[Site "Reykjavik, Iceland"]
[Date "2014.03.04"]
[Round "1.60"]
[White "Rache, Ralf"]
[Black "Bisby, Daniel L"]
[Result "0-1"]
[WhiteElo "1862"]
[BlackElo "2314"]
[EventDate "2014.03.04"]
[PlyCount "106"]

1.e4 d6 2.d4 g6 3.f4 Bg7 4.Nc3 Nf6 5.Nf3 O-O 6.Bd3 Nc6 7.e5 dxe5 8.dxe5 
Nd5 9.Be4 Nxc3 10.Qxd8 Rxd8 11.bxc3 f6 12.Bxc6 bxc6 13.Nd4 fxe5 14.Nxc6 
exf4 15.O-O Bxc3 16.Rb1 Ba6 17.Bxf4 Bxf1 18.Nxd8 Bxg2 19.Kxg2 Rxd8 20.Kf3 
Kf7 21.Rb7 Bd4 22.Rxc7 Bb6 23.Rc6 Rd5 24.Rc8 Rc5 25.Rh8 Rxc2 26.Rxh7+ Ke6 
27.Kg4 Rg2+ 28.Bg3 Rxa2 29.Rh6 Ra4+ 30.Kh3 Kf5 31.Rh7 Re4 32.Rf7+ Ke6 33.
Rg7 Kf6 34.Rh7 Bd4 35.Rh8 Kf7 36.Rc8 Be5 37.Ra8 Bxg3 38.hxg3 Ra4 39.Rh8 a5
40.Rh7+ Kf6 41.Rh8 Rb4 42.Rf8+ Kg7 43.Ra8 a4 44.Ra5 Kf6 45.Ra6+ e6 46.Ra5 
Rc4 47.Kg2 e5 48.Kh3 Kf5 49.Ra8 Ke4 50.Ra5 Kd4 51.Kg4 e4 52.Ra8 Kc3 53.Kf4
Kb3 0-1

[Event "N1 Reykjavik Open 2014"]
[Site "Reykjavik, Iceland"]
[Date "2014.03.04"]
[Round "1.63"]
[White "Pajeken, Wolfgang"]
[Black "Englert, Fred"]
[Result "1-0"]
[WhiteElo "2308"]
[BlackElo "1845"]
[EventDate "2014.03.04"]
[PlyCount "111"]

1.d4 d5 2.c4 c6 3.Nf3 Nf6 4.Qc2 g6 5.Bf4 Bg7 6.e3 Bf5 7.Qb3 Qb6 8.c5 Qxb3 
9.axb3 Bxb1 10.Rxb1 Nbd7 11.h3 O-O 12.b4 a6 13.g4 Rfe8 14.Bd3 Rab8 15.O-O 
h5 16.g5 Nh7 17.h4 e5 18.dxe5 Nxe5 19.Bxe5 Bxe5 20.Nxe5 Rxe5 21.Rbe1 Rbe8 
22.Re2 Nf8 23.Rfe1 Ne6 24.f4 Re4 25.Bxe4 dxe4 26.Rd2 Nc7 27.Rd7 Rc8 28.Re7
Kf8 29.Rxe4 Rd8 30.Kf2 Rd2+ 31.Re2 Rd1 32.Rd4 Rb1 33.Rd7 Nd5 34.Rxb7 Rd1 
35.Kf3 Rd3 36.Ke4 Rb3 37.Ke5 Nxb4 38.Rxb4 Rxb4 39.Kd6 Rb3 40.Kxc6 Ke7 41.
Kd5 Kd7 42.Kc4 Rb5 43.b4 Rb8 44.Rd2+ Ke7 45.Rd6 Ra8 46.Rd3 Ra7 47.e4 Rb7 
48.f5 Ra7 49.c6 gxf5 50.exf5 Ra8 51.Kc5 Rb8 52.Rd7+ Ke8 53.Rb7 Ra8 54.c7 
Kd7 55.Rb8 Ra7 56.c8=Q+ 1-0

[Event "N1 Reykjavik Open 2014"]
[Site "Reykjavik, Iceland"]
[Date "2014.03.04"]
[Round "1.65"]
[White "Bekker-Jensen, David"]
[Black "Forsa, Elise"]
[Result "0-1"]
[WhiteElo "2299"]
[BlackElo "1830"]
[EventDate "2014.03.04"]
[PlyCount "52"]

1.d4 d5 2.c4 dxc4 3.Nf3 Nf6 4.e3 b5 5.a4 b4 6.Bxc4 e6 7.O-O Be7 8.Re1 Bb7 
9.Bb5+ c6 10.Bd3 Nbd7 11.e4 O-O 12.Nbd2 c5 13.e5 Nd5 14.Ne4 cxd4 15.Nfg5 
h6 16.Nf3 Qc7 17.Bb1 Nxe5 18.Nxd4 Rad8 19.Nb5 Qb8 20.Qc2 Ng6 21.Ng3 Rc8 
22.Qb3 Ngf4 23.Ne4 Ne2+ 24.Kf1 Nxc1 25.Qd1 Qxh2 26.f3 Ne3+ 0-1

[Event "N1 Reykjavik Open 2014"]
[Site "Reykjavik, Iceland"]
[Date "2014.03.04"]
[Round "1.69"]
[White "Ponomarenko, Alexandr"]
[Black "Hansen, Erle Andrea Marki"]
[Result "1-0"]
[WhiteElo "2274"]
[BlackElo "1810"]
[EventDate "2014.03.04"]
[PlyCount "89"]

1.e4 c5 2.Nf3 e6 3.d4 cxd4 4.Nxd4 Nf6 5.Bd3 e5 6.Nb3 d6 7.O-O Be6 8.Nc3 
Be7 9.a4 O-O 10.Nd2 Nc6 11.Bc4 d5 12.exd5 Nxd5 13.Nxd5 Bxd5 14.c3 Rc8 15.
Bxd5 Qxd5 16.Qb3 Qd7 17.Nc4 Rfd8 18.Be3 Qg4 19.a5 Rd7 20.h3 Qe6 21.Nd2 Qg6
22.Nc4 Qe6 23.Rfd1 Rcd8 24.Rxd7 Rxd7 25.a6 b6 26.Nd2 Qg6 27.Qb5 f5 28.Nc4 
Qe6 29.Nxb6 Rd8 30.Qc4 Qxc4 31.Nxc4 f4 32.Bd2 g5 33.Kf1 Kf7 34.Ke2 Ke6 35.
f3 Kd5 36.Na5 Nb8 37.c4+ Ke6 38.b4 Rc8 39.c5 Nxa6 40.Nb3 Nc7 41.Rxa7 Kd5 
42.Rb7 Bf8 43.Na5 h6 44.Kd3 Be7 45.Nc4 1-0

[Event "N1 Reykjavik Open 2014"]
[Site "Reykjavik, Iceland"]
[Date "2014.03.04"]
[Round "1.70"]
[White "Fridgeirsson, Dagur Andri"]
[Black "Constantinou, Peter"]
[Result "0-1"]
[WhiteElo "1803"]
[BlackElo "2270"]
[EventDate "2014.03.04"]
[PlyCount "94"]

1.d4 g6 2.c4 Bg7 3.Nc3 c5 4.d5 Bxc3+ 5.bxc3 f5 6.Nf3 d6 7.Qc2 Qa5 8.Nd2 
Nf6 9.Nb3 Qa4 10.Qd3 Nbd7 11.Bf4 Nb6 12.e3 Bd7 13.Be2 O-O-O 14.Bg5 Rde8 
15.Nd2 h6 16.Bf4 Rd8 17.O-O g5 18.Bg3 e5 19.dxe6 Bxe6 20.Rfb1 h5 21.Rb5 
Ne8 22.Bd1 Qa6 23.Nb3 Nc7 24.a4 h4 25.Bxd6 Nxc4 26.Nxc5 Qxd6 27.Qxd6 Nxd6 
28.Rb4 Bd5 29.a5 Ne4 30.Na4 Bc6 31.f3 Nd6 32.Nc5 Rhe8 33.Kf2 Re5 34.Nd3 
Ne4+ 35.Rxe4 Rxe4 36.fxe4 Rxd3 37.exf5 Rd2+ 38.Be2 Bb5 39.Re1 Nd5 40.Kf3 
g4+ 41.Kxg4 Rxe2 42.Rxe2 Bxe2+ 43.Kxh4 Nxe3 44.Kg5 Kd7 45.g3 Ke7 46.h4 Bd3
47.h5 Nxf5 0-1